00734pam a2200217 a 450000100070000000500170000700800410002401000170006502000150008204000180009705000300011508200070014510000220015224500930017425000120026726000530027930000500033250400640038265000390044670000310048570834520170307153622.0970512s1998 njua b 001 0 eng  a 97017388  a013835331X aDLCcDLCdLCC00aGE105.N42 1998b.N42 1998002211 aNebel, Bernard J.10aEnvironmental science :bthe way the world works /cBernard J. Nebel, Richard T. Wright. a6th ed. aUpper Saddle River, NJ :bPrentice Hall,cc1998. axxii, 698 p. :bill. (chiefly col.) ;c29 cm. aIncludes bibliographical references (p. 650-666) and index. 0aEnvironmental sciencesvTextbooks.1 aWright, Richard T.,d1933-